Pascal et Saint Augustin

Zapisane w:
Opis bibliograficzny
1. autor: Sellier, Philippe
Format: Książka
Język:Undetermined
Wydane: París, Francia Librairie Armand Colin 1970
Hasła przedmiotowe:
Etykiety: Dodaj etykietę
Nie ma etykietki, Dołącz pierwszą etykiete!

MARC

LEADER 00000nam a2200000Ia 4500
008 170316s9999 xx 000 0 und d
090 |a 100 S-35p 
100 |a Sellier, Philippe 
245 |a Pascal et Saint Augustin 
260 |a París, Francia 
260 |b Librairie Armand Colin 
260 |c 1970 
300 |a 645páginas 
650 |a FILOSOFÍA 
999 |c 17620  |d 17620 
040 |a cru BVZT 
942 |c 15 D  |h 100 S-35p  |2 z